000 00485nam a2200181Ia 4500
001 10886
005 20260306161905.0
008 260306t2010||||xx |||||||||||||| ||spa||
041 _aESP
082 _a980
_bP41A
100 _aPena González, Miguel Anxo
_eAUT
245 0 _aConfluencias teóricas y prácticas heterogéneas en las independencias americanas
260 _c2010
300 _a48 páginas :
_c24 cm.
650 _aGEN
654 _aCHU
942 _cLIB
_dJUS
_fJUS
_2ddc
_n
999 _c10886
_d10886